| 000 | 00745nam a2200217Ia 4500 | ||
|---|---|---|---|
| 001 | 9112 | ||
| 003 | GE_BSU | ||
| 008 | 181216s||||||||xx |||||||||||||| ||und|| | ||
| 040 | _cGE_BSU | ||
| 080 | _a821.353.1–1 | ||
| 100 | _aლებანიძე,მურმან | ||
| 245 | _aთხზულებანი ორ ტომად ტ.1 | ||
| 245 | _bტ.1 ლირიკა | ||
| 245 | _cრედ.ნუკრი აბესაძე,მხატვ. გიორგი წერეთელი | ||
| 260 | _aთბილისი | ||
| 260 | _bსაბჭოთა საქართველო | ||
| 260 | _c1989 | ||
| 300 | _a479გვ.ილ.1ფ.პორტრ.20სმ. | ||
| 653 | _aლირიკა | ||
| 942 | _cBK | ||
| 999 |
_c42416 _d42416 |
||